| 000 | 00666nam a2200229 a 4500 | ||
|---|---|---|---|
| 001 | BRCA_7773 | ||
| 005 | 20190320210003.0 | ||
| 008 | 300913s1957----gw-a######---#000-0#eng-# | ||
| 041 | _aeng | ||
| 044 | _agw | ||
| 050 | 4 |
_aF1216 _b.K87 1957 |
|
| 100 | 1 |
_aKusch, Eugen _919247 |
|
| 245 | 1 | 0 |
_aMexico in pictures _cwith photographs and text by Eugen Kusch. |
| 260 |
_aNueva York _bArchitectural Books _c1957 |
||
| 300 |
_a32 p. _bil. (algunas a color), 150 láminas _c30 cm. |
||
| 500 | _aX11 | ||
| 650 | 1 | 4 |
_aFotografía _zMéxico _914700 |
| 651 | 4 |
_aMéxico _vDescripción y viajes _919248 |
|
| 651 | 4 |
_aMéxico _vPaisajes _919249 |
|
| 902 | _aGFM | ||
| 942 |
_2lcc _cB |
||
| 999 |
_c7447 _d7447 |
||